La Teología de la Liberación /
I.Introducción.II. Crítica I.Introducción.II. Crítica de la racionalidad occidental y de la teología moderna..III. Significación y dimensión política de la TL..IV. YL y teoría de la dependencia..V TL, Ciencias Sociales y Marxismo..VI. Lucha de clases, violencia y amor cristiano..Capitalismo y social...
Guardado en:
| Autor principal: | |
|---|---|
| Autores Corporativos: | , |
| Otros Autores: | |
| Formato: | Texto |
| Publicado: |
Madrid:
Ediciones Cultura Hispana
|
| Etiquetas: |
Agregar Etiqueta
Sin Etiquetas, Sea el primero en etiquetar este registro!
|
MARC
| LEADER | 00000 a a2200000 04500 | ||
|---|---|---|---|
| 001 | 25730 | ||
| 003 | |||
| 040 | |a CRAI/IIS |c CRAI/IIS | ||
| 090 | |a 173500 | ||
| 100 | |a Tamayo Acosta, Juan José | ||
| 110 | |a Instituto de Cooperación Iberoamericana | ||
| 245 | |a La Teología de la Liberación / |c Instituto de Cooperación Iberoamericana | ||
| 260 | |a Madrid: |b Ediciones Cultura Hispana | ||
| 300 | |a 129 p | ||
| 520 | |a I.Introducción.II. Crítica I.Introducción.II. Crítica de la racionalidad occidental y de la teología moderna..III. Significación y dimensión política de la TL..IV. YL y teoría de la dependencia..V TL, Ciencias Sociales y Marxismo..VI. Lucha de clases, violencia y amor cristiano..Capitalismo y socialismo.VIII. Bibliografía | ||
| 700 | |a ed. | ||
| 710 | |a ICI | ||
| 999 | |c 5794 |d 5794 | ||
